[Event "VIE-ch U17 Girls"]
[Site "Hanoi"]
[Date "2022.06.15"]
[Round "6"]
[White "Nguyen, Ngan Ha"]
[Black "Luu, Ha Bich Ngoc"]
[Result "0-1"]
[WhiteElo "2085"]
[BlackElo "2079"]
[PlyCount "80"]
[EventDate "2022.06.11"]
[EventType "swiss"]
[EventRounds "7"]
[EventCountry "VIE"]
[SourceTitle "EXT 2023"]
[Source "ChessBase"]
[SourceDate "2022.10.05"]
[SourceVersion "1"]
[SourceVersionDate "2022.10.05"]
[SourceQuality "1"]

1. e4 c5 2. Nf3 d6 3. d4 cxd4 4. Nxd4 Nf6 5. Nc3 a6 6. Be3 e6 7. f3 b5 8. Qd2 Nbd7 9. 0-0-0 Bb7 10. g4 Nb6 11. g5 Nfd7 12. Qf2 b4 13. Nb1 d5 14. e5 Rc8 15. f4 Nc4 16. Bxc4 dxc4 17. Rhe1 Qa5 18. f5 Nc5 19. fxe6 fxe6 20. Rf1 Rc7 21. Nxe6 Nxe6 22. Bb6 Qxe5 23. Bxc7 Qxc7 24. Qf5 Bc8 25. g6 h6 26. Qe4 Be7 27. Nd2 c3 28. Nc4 cxb2+ 29. Kb1 Rf8 30. Rf7 Rxf7 31. gxf7+ Kxf7 32. Ne3 Ng5 33. Rf1+ Kg8 34. Qg6 Bf8 35. Nd5 Qc4 36. Rd1 Be6 37. Nf6+ Kh8 38. Kxb2 Qxa2+ 39. Kc1 Qa1+ 40. Kd2 Qxf6 0-1

[Event "VIE-ch U17 Girls"]
[Site "Hanoi"]
[Date "2022.06.12"]
[Round "2"]
[White "Vu, Bui Thi Thanh Van"]
[Black "Luu, Ha Bich Ngoc"]
[Result "1-0"]
[WhiteElo "2071"]
[BlackElo "2079"]
[PlyCount "89"]
[EventDate "2022.06.11"]
[EventType "swiss"]
[EventRounds "7"]
[EventCountry "VIE"]
[SourceTitle "EXT 2023"]
[Source "ChessBase"]
[SourceDate "2022.10.05"]
[SourceVersion "1"]
[SourceVersionDate "2022.10.05"]
[SourceQuality "1"]

1. d4 d5 2. Nf3 e6 3. e3 c5 4. c3 Nc6 5. Bd3 Nf6 6. Nbd2 Bd6 7. 0-0 0-0 8. dxc5 Bxc5 9. Qe2 Qc7 10. e4 b6 11. e5 Ng4 12. Bxh7+ Kh8 13. Bc2 g6 14. Nb3 Ngxe5 15. Nxc5 bxc5 16. Bf4 Nxf3+ 17. Qxf3 Qe7 18. Rfe1 Bb7 19. Qg3 Rfe8 20. Bg5 f6 21. Qh4+ Kg7 22. Bh6+ Kf7 23. Bxg6+ Kxg6 24. Re3 Qh7 25. Rg3+ Kf7 26. Qh5+ Ke7 27. Bf8+ Rxf8 28. Qxh7+ Rf7 29. Rg7 Raf8 30. Re1 Ne5 31. f4 Nc4 32. Rxf7+ Rxf7 33. Qh3 Bc8 34. Qd3 Kd6 35. b3 Nb6 36. Qg6 Ke7 37. h4 Nd7 38. Qd3 Kd6 39. h5 Nf8 40. Qe3 Rh7 41. b4 c4 42. Qc5+ Kd7 43. Qxf8 f5 44. h6 a6 45. Qg7+ 1-0

[Event "VIE-ch op (Women)"]
[Site "Hanoi"]
[Date "2020.11.26"]
[Round "6"]
[White "Bui, Thi Diep Anh"]
[Black "Luu, Ha Bich Ngoc"]
[Result "1/2-1/2"]
[WhiteElo "2292"]
[BlackElo "2290"]
[PlyCount "52"]
[EventDate "2020.11.23"]
[EventType "swiss"]
[EventRounds "9"]
[EventCountry "VIE"]
[SourceTitle "CBM 199 Extra"]
[Source "ChessBase"]
[SourceDate "2021.01.31"]
[SourceVersion "1"]
[SourceVersionDate "2021.01.31"]
[SourceQuality "1"]

1. e4 c5 2. Nf3 e6 3. b3 d6 4. Bb2 Nf6 5. e5 dxe5 6. Nxe5 a6 7. g3 Qd5 8. Qf3 Qxf3 9. Nxf3 Be7 10. Bg2 0-0 11. 0-0 b5 12. Ne5 Ra7 13. a4 b4 14. d3 Bb7 15. Nd2 Bxg2 16. Kxg2 Nd5 17. Ne4 f6 18. Nc4 Nc6 19. f4 Rd8 20. Rae1 Kf7 21. Rf2 Rad7 22. Rfe2 Re8 23. Ned2 Bf8 24. Nf3 h6 25. h4 g6 26. Kf2 Bg7 1/2-1/2

[Event "VIE-ch op (Women)"]
[Site "Hanoi"]
[Date "2020.11.25"]
[Round "4"]
[White "Nguyen, Thanh Thuy Tien"]
[Black "Luu, Ha Bich Ngoc"]
[Result "0-1"]
[WhiteElo "2301"]
[BlackElo "2290"]
[PlyCount "94"]
[EventDate "2020.11.23"]
[EventType "swiss"]
[EventRounds "9"]
[EventCountry "VIE"]
[SourceTitle "CBM 199 Extra"]
[Source "ChessBase"]
[SourceDate "2021.01.31"]
[SourceVersion "1"]
[SourceVersionDate "2021.01.31"]
[SourceQuality "1"]

1. Nf3 Nf6 2. c4 e6 3. e3 d5 4. b3 Be7 5. Bb2 c5 6. cxd5 exd5 7. Be2 0-0 8. 0-0 Nc6 9. d4 h6 10. dxc5 Bxc5 11. Nc3 Be6 12. Na4 Be7 13. Rc1 Ne4 14. Nd4 Nxd4 15. Bxd4 Bd6 16. Bf3 Qe7 17. Nc3 Rfd8 18. Nb5 Bb8 19. Bb2 a6 20. Qd4 f6 21. Nc3 Be5 22. Qd3 Ng5 23. Bxd5 Bxd5 24. Nxd5 Qe6 25. Bxe5 Rxd5 26. Bd4 Nf3+ 27. Kh1 Rh5 28. gxf3 Qh3 29. Qc4+ Kh8 30. Qc7 Qxf3+ 31. Kg1 Rg5+ 32. Qg3 Rxg3+ 33. fxg3 Qe4 34. Rc7 Rd8 35. Rf2 b5 36. Ra7 Rd6 37. h4 Rc6 38. Kh2 Rc1 39. Rg2 Qb1 40. Rf2 Rh1+ 41. Kg2 Qg1+ 42. Kf3 Qd1+ 43. Kf4 Rf1 44. Rxf1 Qxf1+ 45. Ke4 Qb1+ 46. Kf4 Qxa2 47. b4 Qc4 0-1

[Event "VIE-chT (Women)"]
[Site "Bac Giang"]
[Date "2020.06.08"]
[Round "5.16"]
[White "Luu, Ha Bich Ngoc"]
[Black "Nguyen, Hong Anh"]
[Result "0-1"]
[WhiteElo "1459"]
[BlackElo "1436"]
[PlyCount "82"]
[EventDate "2020.06.06"]
[EventType "swiss"]
[EventRounds "9"]
[EventCountry "VIE"]
[SourceTitle "CBM 197 Extra"]
[Source "ChessBase"]
[SourceDate "2020.09.30"]
[SourceVersion "1"]
[SourceVersionDate "2020.09.30"]
[SourceQuality "1"]

1. d4 Nf6 2. Nf3 g6 3. c4 Bg7 4. Nc3 d5 5. Bf4 0-0 6. e3 c5 7. Rc1 cxd4 8. Nxd4 dxc4 9. Bxc4 Qa5 10. Qe2 Bd7 11. 0-0 Rc8 12. Nb3 Qd8 13. Rfd1 Qe8 14. Nd5 Nxd5 15. Bxd5 Bc6 16. Na5 Bxd5 17. Rxc8 Qxc8 18. Rxd5 Na6 19. Qd2 Nc5 20. Be5 e6 21. Rxc5 Qxc5 22. Bxg7 Kxg7 23. Nxb7 Qd5 24. Qxd5 exd5 25. b3 Rc8 26. g3 Rc2 27. a4 Rc3 28. Na5 Kf6 29. Kf1 Rc2 30. Kg2 Ke5 31. g4 Kd6 32. Kg3 Kc7 33. b4 Kb6 34. Nb3 Rc4 35. b5 Rxa4 36. Nd4 Rxd4 37. exd4 Kxb5 38. Kf3 Kc4 39. Ke3 a5 40. f4 a4 41. Kd2 Kxd4 0-1

[Event "VIE-ch U15 Girls"]
[Site "Hanoi"]
[Date "2020.??.??"]
[Round "1"]
[White "Nguyen, Thien Ngan"]
[Black "Luu, Ha Bich Ngoc"]
[Result "1-0"]
[WhiteElo "1816"]
[BlackElo "1459"]
[PlyCount "99"]
[EventDate "2020.10.22"]
[EventType "tourn"]
[EventRounds "7"]
[EventCountry "VIE"]
[SourceTitle "EXT 2022"]
[Source "ChessBase"]
[SourceDate "2021.10.06"]
[SourceVersion "1"]
[SourceVersionDate "2021.10.06"]
[SourceQuality "1"]

1. e4 c5 2. Nf3 e6 3. d4 cxd4 4. Nxd4 Nf6 5. Nc3 d6 6. Be2 Be7 7. 0-0 a6 8. a4 0-0 9. f4 Qc7 10. Kh1 Bd7 11. Be3 Nc6 12. Nb3 Na5 13. Nxa5 Qxa5 14. Qd4 Bc6 15. b4 Qc7 16. b5 Bd7 17. e5 Rfc8 18. Bd2 axb5 19. axb5 Rxa1 20. Rxa1 dxe5 21. fxe5 Bc5 22. Qf4 Nd5 23. Nxd5 exd5 24. Bd3 Re8 25. Rf1 Be6 26. Qg3 Bd4 27. Qh4 Bxe5 28. Qxh7+ Kf8 29. Bb4+ Bd6 30. Bxd6+ Qxd6 31. Qh8+ Ke7 32. Qxg7 Kd7 33. Qd4 Rc8 34. Qf4 Qxf4 35. Rxf4 Rg8 36. g3 Kd6 37. Kg2 Kc5 38. Kf3 Rg7 39. g4 d4 40. h4 Bd5+ 41. Kg3 Be6 42. h5 Rg8 43. h6 Bc4 44. Bxc4 Kxc4 45. Rxf7 Kxb5 46. h7 Rh8 47. Rxb7+ Kc4 48. g5 Kd5 49. g6 Kc6 50. Rg7 1-0

[Event "VIE-ch U15 Girls"]
[Site "Hanoi"]
[Date "2020.??.??"]
[Round "5"]
[White "Vu, Bui Thi Thanh Van"]
[Black "Luu, Ha Bich Ngoc"]
[Result "1-0"]
[WhiteElo "1750"]
[BlackElo "1459"]
[PlyCount "71"]
[EventDate "2020.10.22"]
[EventType "tourn"]
[EventRounds "7"]
[EventCountry "VIE"]
[SourceTitle "EXT 2022"]
[Source "ChessBase"]
[SourceDate "2021.10.06"]
[SourceVersion "1"]
[SourceVersionDate "2021.10.06"]
[SourceQuality "1"]

1. d4 Nf6 2. Nf3 d5 3. e3 e6 4. Bd3 Bd6 5. Nbd2 b6 6. Ne5 Bb7 7. f4 Nbd7 8. Qf3 Qe7 9. 0-0 0-0-0 10. c3 Rdg8 11. b4 h6 12. a4 a6 13. Qe2 Nb8 14. Bb2 g5 15. Rac1 Ne8 16. Rf2 f5 17. b5 a5 18. c4 Nf6 19. c5 bxc5 20. dxc5 Bxc5 21. Nb3 Bb6 22. Bd4 Kd8 23. Bxb6 cxb6 24. Nc6+ Bxc6 25. bxc6 Ne8 26. Nd4 Nc7 27. Qb2 Qb4 28. Nxe6+ Nxe6 29. Qf6+ Qe7 30. c7+ Nxc7 31. Qxb6 Nd7 32. Qxc7+ Ke8 33. Bxf5 Nf6 34. Qb6 Nd7 35. Qb7 Qd6 36. Bxd7+ 1-0

[Event "VIE-ch (Women)"]
[Site "Bac Giang"]
[Date "2017.11.24"]
[Round "4"]
[White "Bui, Thi Diep Anh"]
[Black "Luu, Ha Bich Ngoc"]
[Result "1-0"]
[WhiteElo "1682"]
[BlackElo "1385"]
[PlyCount "93"]
[EventDate "2017.11.23"]
[EventType "swiss"]
[EventRounds "9"]
[EventCountry "VIE"]
[SourceTitle "CBM 181 Extra"]
[Source "ChessBase"]
[SourceDate "2017.12.12"]
[SourceVersion "1"]
[SourceVersionDate "2017.12.12"]
[SourceQuality "1"]

1. e4 c5 2. Nf3 e6 3. d4 cxd4 4. Nxd4 a6 5. Nc3 Qc7 6. Bd3 Nf6 7. 0-0 b5 8. a3 Bb7 9. Be3 Nc6 10. Nb3 d6 11. f4 Be7 12. Qe2 0-0 13. f5 exf5 14. Rxf5 Ne5 15. Raf1 Bc8 16. R5f4 Ng6 17. R4f2 Ng4 18. Nd5 Qd8 19. Nxe7+ Qxe7 20. Rf3 N6e5 21. Rg3 h5 22. h3 Nxe3 23. Rxe3 h4 24. Nd4 Qc7 25. Nf3 Nxf3+ 26. Qxf3 Qe7 27. e5 Bb7 28. exd6 Qg5 29. Be4 Bxe4 30. Rxe4 Qc5+ 31. Kh1 Qxd6 32. Rxh4 Qg6 33. c3 Rad8 34. Rg4 Qc2 35. Qf6 Qh7 36. Qxa6 Rd3 37. Kh2 Rd5 38. c4 bxc4 39. Qxc4 Rd7 40. Rf3 Rfd8 41. Rfg3 Kf8 42. Rh4 Qf5 43. Rh8+ Ke7 44. Re3+ Kd6 45. Qa6+ Kc7 46. Rc3+ Kb8 47. Rc8+ 1-0

[Event "VIE-ch (Women)"]
[Site "Bac Giang"]
[Date "2017.11.24"]
[Round "3"]
[White "Luu, Ha Bich Ngoc"]
[Black "Nguyen, Thien Ngan"]
[Result "0-1"]
[WhiteElo "1385"]
[BlackElo "1635"]
[PlyCount "96"]
[EventDate "2017.11.23"]
[EventType "swiss"]
[EventRounds "9"]
[EventCountry "VIE"]
[SourceTitle "CBM 181 Extra"]
[Source "ChessBase"]
[SourceDate "2017.12.12"]
[SourceVersion "1"]
[SourceVersionDate "2017.12.12"]
[SourceQuality "1"]

1. d4 d5 2. Nf3 Nf6 3. Bf4 e6 4. e3 Be7 5. Be2 c5 6. c3 Nc6 7. h3 0-0 8. Nbd2 b6 9. 0-0 Bb7 10. Qc2 Rc8 11. a3 a6 12. Rac1 b5 13. dxc5 Bxc5 14. Rfd1 Qe7 15. Nb3 Bb6 16. Bg5 Rfd8 17. Nfd4 Ne5 18. Qb1 h6 19. Bh4 Ng6 20. Bg3 Ne4 21. Bh2 Nh4 22. Nf3 Qf6 23. Nbd4 Bc7 24. Bxc7 Rxc7 25. Rf1 e5 26. Nb3 Nxf3+ 27. Bxf3 Ng5 28. Bg4 Qb6 29. Rcd1 g6 30. Nd2 f5 31. Be2 Re7 32. Nf3 Ne4 33. Qc2 Kh8 34. b3 Rc8 35. Rd3 Qa5 36. Qb2 Nxc3 37. Kh1 Nxe2 38. Nxe5 Kh7 39. Nf3 Nc3 40. b4 Na4 41. Qf6 Qc7 42. Nh4 Rg7 43. Rfd1 Qb6 44. Qe5 Rc4 45. Nf3 Qc7 46. Qa1 Nc3 47. Rc1 Ne4 48. Rf1 Nxf2+ 0-1

[Event "VIE-ch (Women)"]
[Site "Bac Giang"]
[Date "2017.11.23"]
[Round "2"]
[White "Nguyen, Thi Thanh An"]
[Black "Luu, Ha Bich Ngoc"]
[Result "1-0"]
[WhiteElo "2265"]
[BlackElo "1385"]
[PlyCount "69"]
[EventDate "2017.11.23"]
[EventType "swiss"]
[EventRounds "9"]
[EventCountry "VIE"]
[SourceTitle "CBM 181 Extra"]
[Source "ChessBase"]
[SourceDate "2017.12.12"]
[SourceVersion "1"]
[SourceVersionDate "2017.12.12"]
[SourceQuality "1"]

1. d4 Nf6 2. c4 e6 3. Nf3 c5 4. d5 d6 5. Nc3 Be7 6. e4 e5 7. Be2 0-0 8. h3 Nbd7 9. Be3 Nb6 10. Nd2 Ne8 11. a4 a5 12. Qb3 f5 13. exf5 Bxf5 14. Bg4 Bxg4 15. hxg4 Nf6 16. f3 Nfd7 17. Qc2 Bh4+ 18. Ke2 g6 19. Nce4 Be7 20. Rh6 Rf7 21. Rah1 Nf8 22. Nf2 Nbd7 23. Nde4 Rg7 24. g5 Qb6 25. Ng4 Rf7 26. R6h3 Kh8 27. Bd2 Bd8 28. Bc3 Qa6 29. b3 Rc8 30. Kd1 Rc7 31. Qd2 b6 32. Nxd6 Re7 33. Qf4 Kg8 34. Nh6+ Kg7 35. Bxe5+ 1-0

[Event "VIE-chT (Women)"]
[Site "Ho Chi Minh City"]
[Date "2017.07.25"]
[Round "3.8"]
[White "Doan, Thi Van Anh"]
[Black "Luu, Ha Bich Ngoc"]
[Result "1-0"]
[WhiteElo "1974"]
[BlackElo "1409"]
[PlyCount "93"]
[EventDate "2017.07.24"]
[EventType "team-swiss"]
[EventRounds "9"]
[EventCountry "VIE"]
[SourceTitle "EXT 2019"]
[Source "ChessBase"]
[SourceDate "2018.10.10"]
[SourceVersion "1"]
[SourceVersionDate "2018.10.10"]
[SourceQuality "1"]

1. d4 Nf6 2. Nf3 e6 3. g3 d5 4. Bg2 c5 5. 0-0 Nc6 6. b3 b6 7. c4 Bb7 8. cxd5 Nxd5 9. Bb2 Nf6 10. Nc3 Nxd4 11. Nxd4 Bxg2 12. Nxe6 fxe6 13. Kxg2 Qxd1 14. Rfxd1 Kf7 15. Rd3 Be7 16. Rad1 a6 17. Kf3 b5 18. e4 Rhd8 19. e5 Ne8 20. Ne4 Rxd3+ 21. Rxd3 h6 22. Rd7 Kf8 23. Kg4 Rc8 24. Rd2 c4 25. Rc2 a5 26. bxc4 bxc4 27. Nd2 a4 28. Rxc4 Rxc4+ 29. Nxc4 Bc5 30. f4 g6 31. Kf3 Nc7 32. Ke4 Ke8 33. h3 Kd7 34. Bd4 Kc6 35. Nb2 a3 36. Nd3 Bxd4 37. Kxd4 Kb5 38. Kc3 Nd5+ 39. Kb3 Ne3 40. Kxa3 Nf1 41. Kb3 Nxg3 42. a4+ Ka5 43. Nc5 Ne2 44. Nxe6 Ng1 45. Nd4 Nxh3 46. e6 Nxf4 47. e7 1-0

[Event "VIE-ch (Women)"]
[Site "Bac Giang"]
[Date "2016.06.22"]
[Round "2"]
[White "Luu, Ha Bich Ngoc"]
[Black "Nguyen, Thi Ngoc Mai"]
[Result "1/2-1/2"]
[WhiteElo "1409"]
[BlackElo "1849"]
[PlyCount "69"]
[EventDate "2016.06.22"]
[EventType "swiss"]
[EventRounds "9"]
[EventCountry "VIE"]
[SourceTitle "EXT 2017"]
[Source "ChessBase"]
[SourceDate "2016.10.25"]
[SourceVersion "1"]
[SourceVersionDate "2016.10.25"]
[SourceQuality "1"]

1. d4 d5 2. Nf3 c6 3. Bf4 Nf6 4. e3 Bg4 5. Be2 e6 6. 0-0 Bd6 7. Ne5 Bxe2 8. Qxe2 0-0 9. c4 Bxe5 10. Bxe5 b6 11. Nc3 Qe7 12. e4 Nbd7 13. Bg3 dxe4 14. Nxe4 Nxe4 15. Qxe4 c5 16. d5 Qf6 17. b3 exd5 18. Qxd5 Qd8 19. Rad1 Nf6 20. Qg5 Ne4 21. Qf4 Nxg3 22. Qxg3 Qc8 23. Rd2 Rd8 24. Rfd1 Rxd2 25. Rxd2 g6 26. Qf3 Qe8 27. Re2 Qd8 28. g3 Rb8 29. Qe3 Qd4 30. Qe7 Rd8 31. Kg2 Rd7 32. Qe8+ Kg7 33. Re4 Qd6 34. Re2 Rd8 35. Qe3 1/2-1/2